Les marques citées dans le titre Placements de Produits - Statistiques

Statistiques générales
  • Ce quiz a été pris 18 fois
  • Le résultat moyen est 10 sur 27
Statistiques - réponses
Domaine Initiale Marque % Correct
Antivirus A Avast
64%
Hôtellerie F Formule 1
64%
Produits sportfs D Decathlon
57%
Restaurant F Flunch
50%
Fournisseur mobile S Sosh
50%
Jeu H Habbo Hotel
43%
Boisson P Panach'
43%
Produits ménagers V Vanish
43%
Téléphonie W Wiko
43%
Produits ménagers A Apta
36%
Fenêtres A Art et Fenêtres
36%
Restaurant B Buffalo Grill
36%
Boisson C Cacolac
36%
Alimentation G Géant Vert
36%
Restaurant H Hippopotamus
36%
Produits d'hygiène O Oral-B
36%
Alimentation P Père Dodu
36%
Alimentation F Ficello
29%
Boisson F Freeway Cola
29%
Magasin généraliste F La Foir'Fouille
29%
Marque distributeur M Marque Repère
29%
Produits ménagers O Ocedar
29%
Alimentation V Vico
29%
Bijoux W Wellington
21%
Alimentation W William Saurin
21%
Alimentation C Cassegrain
7%
Produits médicaux H Hasanplast
7%
Aucun quiz correspondant
Distribution des résultats
% des personnes avec chaque résultat
Percentile par nombre de réponses
Votre historique - résultats
Vous n’avez pas pris ce quiz